MARC

LEADER 00000nam0a2200000 4500
001 317253
005 20231102002945.0
035 |a (RuTPU)RU\TPU\book\342721 
090 |a 317253 
100 |a 20160406d1936 m y0rusy50 ca 
101 0 |a rus 
102 |a RU 
105 |a a z 000zy 
200 1 |a Что такое теория относительности  |f Д. И. Блохинцев  |g под ред. С. И. Вавилова 
210 |a Москва  |a Ленинград  |c Главная редакция научно-популярной и юношеской литературы  |d 1936 
215 |a 60 с.  |c ил. 
225 1 |a Научные беседы выходного дня 
606 1 |a Относительности теория  |2 stltpush  |3 (RuTPU)RU\TPU\subj\47735  |9 66647 
610 1 |a движение 
610 1 |a абсолютное пространство 
610 1 |a время 
610 1 |a эфир 
610 1 |a принцип относительности 
610 1 |a принцип постоянства 
610 1 |a скорость света 
610 1 |a четырехмерный мир 
610 1 |a теория Эйнштейна 
610 1 |a абсолютное 
610 1 |a механика 
610 1 |a физика 
675 |a 530.12  |v 4 
700 1 |a Блохинцев  |b Д. И. 
702 1 |a Вавилов  |b С. И.  |4 340 
801 1 |a RU  |b 63413507  |c 20160406 
801 2 |a RU  |b 63413507  |c 20200708  |g RCR 
942 |c BK